Most Painful Things to Step On - Statistics

General Stats
  • This quiz has been taken 74 times
  • The average score is 4 of 16
Answer Stats
Answer % Correct
LEGO Brick
91%
Rusty Nail
61%
Broken Glass
58%
Garden Rake
53%
Knife Blade
38%
Sewing Needle
27%
Hot Coals
25%
Dead Bee
23%
Warrior Wasp
14%
Molten Lava
13%
Mouse Trap
13%
Cactus
8%
Mathcbox Cars
6%
Banana Peel
5%
Lit Cigarette Butt
3%
Staple Gun
2%
No matching quizzes found
Score Distribution
Percent of People with Each Score
Percentile by Number Answered
Your Score History
You have not taken this quiz